000 00442nam a2200157 4500
001 121808
003 ES-MaACL
005 20230906191829.0
007 t|
008 070214s1948 sp r ||||1| spa d
100 1 _aPortugués, José María.
_993296
245 1 4 _aLas alas blancas
_b: (1943-1945) /
_cJosé María Portugués.
260 _aLérida :
_bArtis,
_c1948.
300 _a92 p. ;
_c24 cm.
852 _aES-MaACL
_j1889-F-8
_bR.26112
999 _c121808
_d121808